01323nam a2200337Ia 4500001001200000003000800012006001900020007001500039008004100054010001700095020001800112020001800130020001700148040002100165035002100186050002400207082001800231100002100249245010800270260004200378300001500420440005700435504006700492533015200559650004600711650003700757655002900794710001700823856012600840999001900966ebr10598129CaPaEBRm u cr cn|||||||||850220s1985 gw sb 001 0 eng d z 85004837  z9783110101966 z9783110881974 z3110101963 : aCaPaEBRcCaPaEBR a(OCoLC)81550537814aPN6421b.N66 1985eb04a398/.9/212191 aNorrick, Neal R.10aHow proverbs meanh[electronic resource] :bsemantic studies in English proverbs /cby Neal R. Norrick. aBerlin ;aNew York :bMouton,cc1985. axi, 213 p. 0aTrends in linguistics.pStudies and monographs ;v27 aIncludes bibliographical referencesy (p. [203]-210) and index. aElectronic reproduction.bPalo Alto, Calif. :cebrary,d2011.nAvailable via World Wide Web.nAccess may be limited to ebrary affiliated libraries. 0aProverbs, EnglishxHistory and criticism. 0aProverbsxHistory and criticism. 7aElectronic books.2local2 aebrary, Inc.40uhttp://site.ebrary.com/lib/rucke/Doc?id=10598129zAn electronic book accessible through the World Wide Web; click to view c108945d108945